000 00226 a2200097 4500
001 42174
100 _aBhatia H S
245 _aMil. dictionary & Encyclopedia
260 _a
_bDeep & Deep Publishers
_c
090 _c26163
_d26163
942 _aNUST-CAE
_cM
_c17962
999 _c277247
_d277247